Emulsion-based formulations for remedial treatments against woodworm (Record no. 94628)

MARC details
000 -LEADER
fixed length control field 00543cam a2200205 4500
001 - CONTROL NUMBER
control field D1423
008 - FIXED-LENGTH DATA ELEMENTS--GENERAL INFORMATION
fixed length control field 090401t1983 xxu||||| |||| 00| 0 eng d
035 ## - SYSTEM CONTROL NUMBER
System control number (Sirsi) u63965
041 ## - LANGUAGE CODE
Language code of text/sound track or separate title eng
050 ## - LIBRARY OF CONGRESS CALL NUMBER
Classification number 694.014
100 ## - MAIN ENTRY--PERSONAL NAME
Personal name Berry, R.W.
245 ## - TITLE STATEMENT
Title Emulsion-based formulations for remedial treatments against woodworm
260 ## - PUBLICATION, DISTRIBUTION, ETC.
Place of publication, distribution, etc. Garston,Watford
Name of publisher, distributor, etc. Building Research Establishment
Date of publication, distribution, etc. 1983
300 ## - PHYSICAL DESCRIPTION
Extent 4p. 30cm
350 ## - PRICE (NR) (BK AM CF MU VM SE) [OBSOLETE]
Price 0
490 ## - SERIES STATEMENT
Series statement Information Paper
Volume/sequential designation 15/83
700 ## - ADDED ENTRY--PERSONAL NAME
Personal name Orsler, R.J.
942 ## - ADDED ENTRY ELEMENTS (KOHA)
Suppress in OPAC 0
948 ## - LOCAL PROCESSING INFORMATION (OCLC); SERIES PART DESIGNATOR (RLIN)
c (OCLC) 04/03/1997
Holdings
Withdrawn status Lost status Source of classification or shelving scheme Damaged status Not for loan Home library Current library Shelving location Date acquired Total Checkouts Full call number Barcode Date last seen Copy number Price effective from Koha item type
    Dewey Decimal Classification     London London Boxed set 14/09/1999   BOXED SET 30010478 06/08/2019 1 06/08/2019 Book